000 00968nam a2200241Ia 4500
003 Ost
005 20260507074842.0
008 260507s9999||||xx |||||||||||||| ||und||
020 _a9789957970826
040 _cfsecg
041 _aara
082 _a657.45
100 _aمحمد، نصر صالح
_eمؤلف
245 0 _aنظرية المراجعة /
_c نصر صالح محمد
246 _aAuditing theory
260 _aعمان:
_bدار المسيرة للنشر والتوزيع,
_c2015
300 _a312 صفحة؛
_bإيضاحات ؛
_c25 سم
504 _aببليوغرافيا: ص.297-312
520 _aيضم قراءة فلسفية في نظرية المراجعة وقراءة تحليلية انتقادية للدراسات السابقة في مجال نظرية المراجعة، الإطار النظري المقترح للمراجعة.
653 _aالرقابة
653 _aمراجعة الحسابات
942 _cكتاب
999 _c41521
_d41521